| 000 | 00515nam a2200193Ia 4500 | ||
|---|---|---|---|
| 003 | GCL | ||
| 008 | 140319s9999 xx 000 0 eng d | ||
| 040 |
_aGCL / _cGCL |
||
| 082 | 0 | 4 |
_a600 _bS F |
| 100 | 1 | _aSPEIGHT, JAMES S. | |
| 245 | 1 | 0 |
_aFUEL SCIENCE AND TECHNOLOGY HANDBOOK / _cSPEIGHT, JAMES S. |
| 700 | 1 | _aFUEL SCIENCE | |
| 260 |
_a[S.N] : _bMARCEL DEKKER, INC ، _c1990 |
||
| 300 | _a1193 P | ||
| 650 | 0 | 4 | _aFYEL SCIENCE |
| 650 | 0 | 4 | _aتقوية الذاكرة |
| 650 | 0 | 4 | _aTECHNOLOGY |
| 942 |
_2ddc _cBK |
||
| 999 |
_c16947 _d16947 |
||